MESTSKÁ KNIŽNICA GIRALTOVCE  - online katalóg 

Neapolská odysea (Record no. 23548)

000 -NÁVESTIE
fixed length control field 01739cam a2200517 4500
001 - EVIDENČNÉ ČÍSLO ZÁZNAMU - Kontrolné číslo
control field vtls011902853
005 - DÁTUM A ČAS POSLEDNEJ TRANSAKCIE
control field 20230810122138.0
008 - ÚDAJE S PEVNOU DĹŽKOU – VŠEOBECNÉ INFORMÁCIE
fixed length control field 200507s2019 xo o grh 000 0aslo
020 ## - MEDZINÁRODNÉ ŠTANDARDNÉ ČÍSLO KNIHY (ISBN)
Medzinárodné štandardné číslo knihy (ISBN) 9788055167091
Qualifying information (viazané)
035 ## - Iný štandardný identifikátor
Iný štandardný identifikátor urn:nbn:sk:snk-am00dxpi
035 ## - Iný štandardný identifikátor
Iný štandardný identifikátor urn:nbn:sk:snk-am3i8sz
035 ## - Iný štandardný identifikátor
Iný štandardný identifikátor E846EC9B-65AA-4B3C-BFB2-A4DA83D3A553
040 ## - ZDROJ KATALOGIZÁCIE
Pôvodná katalogizujúca agentúra ZKSE
Jazyk katalogizácie slo
Prepisujúca agentúra ZKSE
Modifikujúca agentúra SVKBB
-- SNK
Konvencie popisu rda
041 1# - KÓD JAZYKA
Kód jazyka textu/zvukovej stopy alebo samostatných nápisov slo
Kód jazyka originálu a/alebo sprostredkujúcich prekladov textu ita
044 ## - KÓD KRAJINY VYDAVATEĽA/PRODUCENTA
Kód krajiny MARC xo
Kód krajiny ISO SK
072 #7 - KÓD PREDMETOVEJ KATEGÓRIE
Kód predmetovej kategórie 796
Pododdiel kódu predmetovej kategórie Šport. Hry. Telesné cvičenia
Zdroj konspekt
072 #7 - KÓD PREDMETOVEJ KATEGÓRIE
Kód predmetovej kategórie 929
Pododdiel kódu predmetovej kategórie Biografie
Zdroj konspekt
080 ## - ČÍSLO MEDZINÁRODNÉHO DESATINNÉHO TRIEDENIA (MDT)
Číslo Medzinárodného desatinného triedenia (MDT) 796.332.071.2
Identifikátor vydania 2011
080 ## - ČÍSLO MEDZINÁRODNÉHO DESATINNÉHO TRIEDENIA (MDT)
Číslo Medzinárodného desatinného triedenia (MDT) 796.332
Identifikátor vydania 2011
080 ## - ČÍSLO MEDZINÁRODNÉHO DESATINNÉHO TRIEDENIA (MDT)
Číslo Medzinárodného desatinného triedenia (MDT) (437.6)
Identifikátor vydania 2011
080 ## - ČÍSLO MEDZINÁRODNÉHO DESATINNÉHO TRIEDENIA (MDT)
Číslo Medzinárodného desatinného triedenia (MDT) (450)
Identifikátor vydania 2011
080 ## - ČÍSLO MEDZINÁRODNÉHO DESATINNÉHO TRIEDENIA (MDT)
Číslo Medzinárodného desatinného triedenia (MDT) (092)
Identifikátor vydania 2011
100 1# - OSOBNÉ MENÁ – VŠEOBECNÉ INFORMÁCIE
Osobné meno Hamšík, Marek,
Dátumy súvisiace s menom 1987-
Kód roly aut
-- 3873
240 10 - UNIFIKOVANÝ NÁZOV
Unifikovaný názov Marekiaro: La mia autobiografia
Jazyk diela Slovensky
245 10 - NÁZOV
Názov Neapolská odysea
Údaj o zodpovednosti atď. Marek Hamšík ; z talianskej verzie Marekiaro: La mia autobiografia ... preložil Roman Sehnal
250 ## - ÚDAJ O PORADÍ VYDANIA
Údaj o poradí vydania Prvé vydanie
264 #1 - VYDAVATEĽSKÉ ÚDAJE, DISTRIBÚCIA ATĎ. - RDA
Miesto publikovania, distribúcie atď. Bratislava
Názov vydavateľa, distibútora atď. Ikar
Dátum publikovania, distribúcie atď. 2019
300 ## - FYZICKÝ POPIS
Rozsah 173 strán
Rozmery 21 cm
336 ## - TYP OBSAHU
Typ obsahu - termín text
Typ obsahu - kód txt
Zdroj rdacontent
337 ## - TYP MÉDIA
Typ média - termín bez média
Typ média - kód n
Zdroj rdamedia
338 ## - TYP NOSIČA
Typ nosiča - termín zväzok
Typ nosiča - kód nc
Zdroj rdacarrier
600 17 - PRIDANÝ VSTUP – PREDMET – OSOBNÉ MENO
Osobné meno Hamšík, Marek,
Dátumy súvisiace s menom 1987-
Zdroj hesla alebo termínu SNKPH
-- 3873
650 07 - PRIDANÝ VSTUP – PREDMET – TEMATICKÉ HESLO
Tematické heslo alebo geografický názov ako vstupný prvok futbalisti
Zdroj hesla alebo termínu SNKPH
-- 2704
650 07 - PRIDANÝ VSTUP – PREDMET – TEMATICKÉ HESLO
Tematické heslo alebo geografický názov ako vstupný prvok futbal
Zdroj hesla alebo termínu SNKPH
-- 2700
650 07 - PRIDANÝ VSTUP – PREDMET – TEMATICKÉ HESLO
Tematické heslo alebo geografický názov ako vstupný prvok Soccer players
Zdroj hesla alebo termínu SNKPHeng
-- 2705
650 07 - PRIDANÝ VSTUP – PREDMET – TEMATICKÉ HESLO
Tematické heslo alebo geografický názov ako vstupný prvok Football
Zdroj hesla alebo termínu SNKPHeng
-- 2702
651 #7 - PRIDANÝ VSTUP – PREDMET – GEOGRAFICKÝ NÁZOV
Geografický názov Slovensko
Zdroj hesla alebo termínu SNKPHgeo
-- 1613
651 #7 - PRIDANÝ VSTUP – PREDMET – GEOGRAFICKÝ NÁZOV
Geografický názov Taliansko
Zdroj hesla alebo termínu SNKPHgeo
-- 2281
651 #7 - PRIDANÝ VSTUP – PREDMET – GEOGRAFICKÝ NÁZOV
Geografický názov Slovakia
Zdroj hesla alebo termínu SNKPHeng
-- 1614
651 #7 - PRIDANÝ VSTUP – PREDMET – GEOGRAFICKÝ NÁZOV
Geografický názov Italy
Zdroj hesla alebo termínu SNKPHeng
-- 2282
655 #7 - INDEXAČNÝ TERMÍN – ŽÁNER/FORMA
Údaje o žánri/forme alebo termín, ktorý je prvok fazety autobiografie
Zdroj termínu SNKPH
-- 1792
655 #7 - INDEXAČNÝ TERMÍN – ŽÁNER/FORMA
Údaje o žánri/forme alebo termín, ktorý je prvok fazety Autobiography
Zdroj termínu SNKPHeng
-- 1793
700 1# - PRIDANÝ VSTUP – OSOBNÉ MENO
Osobné meno Sehnal, Roman,
Dátumy súvisiace s menom 1970-
Kód roly trl
-- 3874
700 1# - PRIDANÝ VSTUP – OSOBNÉ MENO
Osobné meno Lehoťan, Ivor,
Dátumy súvisiace s menom 1966-
Kód roly aui
-- 3875
958 ## - Formálny deskriptor
Formálny deskriptor OP
Holdings
Stav stiahnutia (Blokovanie) (Withrawn status) Stav straty Zdroj klasifikácie pre skladovanie Stav poškodenia (Damaged status) Nie pre výpožičky (Not for loan) Spôsob nadobudnutia (Collection code) Trvalé umiestnenie Aktuálne umiestnenie Dátum nadobudnutia Náklady, bežná kúpna cena Inventárne číslo (prírastkové číslo) Celkom výpožičky Celkom prolongácie (predĺženia) Full call number Čiarový kód Dátum posledného výskytu Dátum poslednej výpôžičky Cena s účinnosťou od Typ jednotky Koha
          Kúpa Mestská knižnica Giraltovce Mestská knižnica Giraltovce 2023-08-10 1.00 21877 6 2 B10628 B10628 2026-07-01 2026-05-26 2023-08-10 Krásna literatúra pre dospelých

Powered by Koha